000 00819cad a22001935a 4500
001 L149772
008 100422e20100121xxk f s 000 0 eng d
035 _a(Sirsi) u149773
041 0 _aeng
110 2 _aCouncil of Mortgage Lenders
_95903
245 0 0 _aMarket commentary
_h[electronic resource]
490 _aCML Market Commentary
_vJanuary 2010
520 _aProspects for the housing and mortgage market are fairly muted for early 2010. Activity, while at much higher levels than a year ago, remains slow on any historic comparison.
590 _aKA
651 4 _aEngland and Wales
_y1543-
690 _aPROPERTY-RESIDENTIAL PROPERTY-RESIDENTIAL PROPERTY MARKET
856 4 0 _uhttps://live.cml.netxtra.net/cml/publications/marketcommentary/195
_zView the commentary free of charge at www.cml.org.uk
942 _n0
999 _c82279
_d82279